Introducation to the theory of statistics (Record no. 94246)

MARC details
000 -LEADER
fixed length control field 00373nam a2200145Ia 4500
008 - FIXED-LENGTH DATA ELEMENTS--GENERAL INFORMATION
fixed length control field 230917s9999||||xx |||||||||||||| ||und||
040 ## - CATALOGING SOURCE
-- 141668
Original cataloging agency VIVEKANANDA LIBRARY
041 ## - Language
-- English
082 ## - DDC NUMBER
Classification number 519.5 Y91I
100 ## - MAIN ENTRY--PERSONAL NAME
Personal name Yule, G Udny
245 #0 - TITLE STATEMENT
Title Introducation to the theory of statistics
260 ## - PUBLICATION, DISTRIBUTION, ETC. (IMPRINT)
Place of publication, distribution, etc New Delhi
Name of publisher, distributor, etc Universal book stall
Date of publication, distribution, etc 1994
300 ## - PHYSICAL DESCRIPTION
Pages 701p. p.
942 ## - ADDED ENTRY ELEMENTS (KOHA)
Koha item type Books
Holdings
Withdrawn status Lost status Damaged status Not for loan Location (home branch) Sublocation or collection (holding branch) Date acquired Koha issues (times borrowed) Koha full call number Accession No. Koha date last seen Koha item type
        VIVEKANANDA LIBRARY VIVEKANANDA LIBRARY 02/03/2010 1 519.5 Y91I 176152 18/11/2024 Books
© Designed and Maintained by Vivekananda Library, MDU Rohtak